<?xml version="1.0" encoding="UTF-8"?>
<record
    xmlns:xsi="http://www.w3.org/2001/XMLSchema-instance"
    xsi:schemaLocation="http://www.loc.gov/MARC21/slim http://www.loc.gov/standards/marcxml/schema/MARC21slim.xsd"
    xmlns="http://www.loc.gov/MARC21/slim">

  <leader>01046nam a2200193 a 4500</leader>
  <controlfield tag="001">000032740</controlfield>
  <controlfield tag="005">20200930065815.0</controlfield>
  <controlfield tag="008">090729 1936    dr            000 0 spa d</controlfield>
  <datafield tag="040" ind1=" " ind2=" ">
    <subfield code="a">DO-SdBNP</subfield>
    <subfield code="b">spa</subfield>
    <subfield code="c">BNPHU</subfield>
  </datafield>
  <datafield tag="082" ind1=" " ind2=" ">
    <subfield code="a">xxxx</subfield>
    <subfield code="b">R426l</subfield>
  </datafield>
  <datafield tag="110" ind1="1" ind2=" ">
    <subfield code="a">Rep&#xFA;blica Dominicana.</subfield>
    <subfield code="9">447</subfield>
  </datafield>
  <datafield tag="240" ind1="1" ind2="0">
    <subfield code="a">[Leyes, etc.]</subfield>
  </datafield>
  <datafield tag="245" ind1="1" ind2="0">
    <subfield code="a">Leyes de rentas internas :</subfield>
    <subfield code="b">cuya aplicaci&#xF3;n esta a cargo de las Aduanas de la Rep&#xFA;blica.</subfield>
  </datafield>
  <datafield tag="250" ind1=" " ind2=" ">
    <subfield code="a">6a ed.l</subfield>
  </datafield>
  <datafield tag="260" ind1=" " ind2=" ">
    <subfield code="a">Ciudad Trujillo :</subfield>
    <subfield code="b">Receptor&#xED;a General de Aduana,</subfield>
    <subfield code="c">1936.</subfield>
  </datafield>
  <datafield tag="300" ind1=" " ind2=" ">
    <subfield code="a">148 p. ;</subfield>
    <subfield code="c">23 cm.</subfield>
  </datafield>
  <datafield tag="505" ind1="0" ind2=" ">
    <subfield code="t">La ley 854, impuesto sobre venta, uso y consumo, con sus modificaciones --</subfield>
    <subfield code="t">Ley 949, impuesto especial de alcoholes y gasolina --</subfield>
    <subfield code="t">Ley sobre derechos consulares --</subfield>
    <subfield code="t">Ley de impuesto sobre carga, etc. --</subfield>
    <subfield code="t">Ley sobre impuesto de acueducto --</subfield>
    <subfield code="t">Ley sobre derechos de puerto --</subfield>
    <subfield code="t">Ley de impuesto sobre documentos --</subfield>
    <subfield code="t">Ley sobre inspecci&#xF3;n de cemento --</subfield>
    <subfield code="t">Ley de impuesto sobre sal --</subfield>
    <subfield code="t">Ley de impuesto sobre arroz --</subfield>
    <subfield code="t">Ley de impuesto sobre harinas --</subfield>
    <subfield code="t">&#xCD;ndice de las leyes 854 y 949.</subfield>
  </datafield>
  <datafield tag="049" ind1=" " ind2=" ">
    <subfield code="a">BNPD</subfield>
  </datafield>
  <datafield tag="952" ind1=" " ind2=" ">
    <subfield code="0">0</subfield>
    <subfield code="1">0</subfield>
    <subfield code="5">0</subfield>
    <subfield code="7">1</subfield>
    <subfield code="8">RV</subfield>
    <subfield code="a">PD</subfield>
    <subfield code="b">PD</subfield>
    <subfield code="c">HD</subfield>
    <subfield code="d">2011-07-25</subfield>
    <subfield code="i">LF1</subfield>
    <subfield code="l">0</subfield>
    <subfield code="o">xxxx R426l</subfield>
    <subfield code="p">32740-10</subfield>
    <subfield code="r">2020-06-25</subfield>
    <subfield code="w">2020-06-25</subfield>
    <subfield code="y">1</subfield>
    <subfield code="z">Perteneci&#xF3; a la biblioteca personal de Julio Ortega Frier</subfield>
    <subfield code="Z">No se presta</subfield>
  </datafield>
  <datafield tag="999" ind1=" " ind2=" ">
    <subfield code="c">32231</subfield>
    <subfield code="d">32231</subfield>
  </datafield>
</record>
